| 000 | 00706nam a2200205Ia 4500 | ||
|---|---|---|---|
| 003 | GCL | ||
| 008 | 140319s9999 xx 000 0 ara d | ||
| 040 |
_aGCL / _cGCL |
||
| 082 | 0 | 4 |
_a781.13 _bا ر |
| 100 | 1 | _aاحمد شفيق ابوعوف | |
| 245 | 1 | 0 |
_aروائع الاوبرا العالمية / _cاحمد شفيق ابوعوف |
| 260 |
_a[S.N] : _bاللجنة الموسيقية العليا |
||
| 300 | _a224 ص | ||
| 490 |
_aسلسلة الثقافة الموسيقية _v0 |
||
| 650 | 0 | 4 | _aقواعد البيانات |
| 650 | 0 | 4 | _aالاوبرا - قصص وروايات |
| 650 | 0 | 4 | _aدون حيوفاتى, اوبرا |
| 650 | 0 | 4 | _aحلاق اشبيلية, اوبرا |
| 942 |
_2ddc _cBK |
||
| 999 |
_c41486 _d41486 |
||